000 00465nam a2200181 i 4500
001 bg
245 0 _aPagemaker 5 do Windows /
_cOUE Corporation (cop.). - T. 1.
260 _aWarszawa :
_bWydaw. PLJ,
_c1993.
300 _aVIII, 303 s. :
_bil. ;
_c24 cm.
650 9 _aWINDOWS
020 _a8371010796
040 _cBPK
041 _apol
080 _a655.1/.3:681.322.066
920 _a83-7101-079-6
942 _cKS
008 s pl f |000 0 pol
999 _c6290
_d6290
856 _uhttp://koha.tu.koszalin.pl/cgi-bin/koha/opac-detail.pl?biblionumber=6290
_yKatalog online BPK